Ceny aktív v ekonomickej teórii
Ceny aktív dôležité pre výkon menovej politiky. Typy cien aktív, kanály ich transmisie a vplyv menovej politiky v tomto transmisnom mechanizme. Finančná štruktúra ekonomiky a finančné indikátory (indikátory finančnej stability, resp. nestability). Identifikácia finančnej nerovnováhy, resp. identifik...
Guardado en:
| Autor principal: | |
|---|---|
| Formato: | Capítulo de libro |
| Lenguaje: | eslovaco |
| Materias: | |
| Etiquetas: |
Sin Etiquetas, Sea el primero en etiquetar este registro!
|
MARC
| LEADER | 00000naa$a2200000$$$4500 | ||
|---|---|---|---|
| 001 | 0018167 | ||
| 005 | 20221128112802.4 | ||
| 041 | 0 | |a slo | |
| 044 | |a SK | ||
| 245 | 1 | 0 | |a Ceny aktív v ekonomickej teórii |c aut. Silvia Gantnerová |
| 520 | |a Ceny aktív dôležité pre výkon menovej politiky. Typy cien aktív, kanály ich transmisie a vplyv menovej politiky v tomto transmisnom mechanizme. Finančná štruktúra ekonomiky a finančné indikátory (indikátory finančnej stability, resp. nestability). Identifikácia finančnej nerovnováhy, resp. identifikácia "asset price bubles". Pokračovanie v čísle 9/2004. | ||
| 610 | 2 | 0 | |a aktíva |
| 610 | 2 | 0 | |a teórie ekonomické |
| 610 | 2 | 0 | |a ceny |
| 610 | 2 | 0 | |a politika menová |
| 610 | 2 | 0 | |a stabilita cien |
| 610 | 2 | 0 | |a stabilita meny |
| 610 | 2 | 0 | |a ukazovatele finančné |
| 100 | 1 | |a Gantnerová, Silvia | |